<?xml version="1.0" encoding="UTF-8"?><?xml-stylesheet type="text/xsl" href="static/style.xsl"?><OAI-PMH xmlns="http://www.openarchives.org/OAI/2.0/" xmlns:xsi="http://www.w3.org/2001/XMLSchema-instance" xsi:schemaLocation="http://www.openarchives.org/OAI/2.0/ http://www.openarchives.org/OAI/2.0/OAI-PMH.xsd"><responseDate>2026-04-13T18:29:25Z</responseDate><request verb="GetRecord" identifier="oai:www.recercat.cat:10256/26984" metadataPrefix="marc">https://recercat.cat/oai/request</request><GetRecord><record><header><identifier>oai:recercat.cat:10256/26984</identifier><datestamp>2025-07-02T11:52:22Z</datestamp><setSpec>com_2072_452955</setSpec><setSpec>com_2072_2054</setSpec><setSpec>col_2072_453072</setSpec></header><metadata><record xmlns="http://www.loc.gov/MARC21/slim" xmlns:dcterms="http://purl.org/dc/terms/" xmlns:xsi="http://www.w3.org/2001/XMLSchema-instance" xmlns:doc="http://www.lyncode.com/xoai" xsi:schemaLocation="http://www.loc.gov/MARC21/slim http://www.loc.gov/standards/marcxml/schema/MARC21slim.xsd">
   <leader>00925njm 22002777a 4500</leader>
   <datafield ind2=" " ind1=" " tag="042">
      <subfield code="a">dc</subfield>
   </datafield>
   <datafield ind2=" " ind1=" " tag="720">
      <subfield code="a">Vaca-Quintana, Diego</subfield>
      <subfield code="e">author</subfield>
   </datafield>
   <datafield ind2=" " ind1=" " tag="720">
      <subfield code="a">Bassante, Christian</subfield>
      <subfield code="e">author</subfield>
   </datafield>
   <datafield ind2=" " ind1=" " tag="720">
      <subfield code="a">Moreta-Herrera, Rodrigo</subfield>
      <subfield code="e">author</subfield>
   </datafield>
   <datafield ind2=" " ind1=" " tag="720">
      <subfield code="a">Merlyn-Sacoto, Marie-France</subfield>
      <subfield code="e">author</subfield>
   </datafield>
   <datafield ind2=" " ind1=" " tag="720">
      <subfield code="a">López-Barrionuevo, Carlos</subfield>
      <subfield code="e">author</subfield>
   </datafield>
   <datafield ind2=" " ind1=" " tag="720">
      <subfield code="a">Porras, Belén</subfield>
      <subfield code="e">author</subfield>
   </datafield>
   <datafield ind2=" " ind1=" " tag="260">
      <subfield code="c">2024-06-30</subfield>
   </datafield>
   <datafield ind2=" " ind1=" " tag="520">
      <subfield code="a">This study aims to report levels, sex differences, and sex as a risk factor in alcohol and tobacco use among Ecuadorian college students. A descriptive and comparative method was employed. The sample consisted of 546 college students (69.1% women), aged between 17 and 41 years, from four universities located in the cities of Ambato and Quito. The results indicated low levels of alcohol and tobacco use, with significant sex differences showing higher consumption among men. Men were found to be 2.1 times more likely to consume alcohol and 3 times more likely to use tobacco compared to women. In conclusion, alcohol and tobacco use is a common behavior among the sample, with sex being a key factor in both the increase in consumption and the development of risky consumption patterns</subfield>
   </datafield>
   <datafield ind2=" " ind1=" " tag="520">
      <subfield code="a">Los objetivos del trabajo son reportar los niveles, las diferencias de sexo y al sexo como factor de riesgo en el consumo de alcohol y tabaco en estudiantes universitarios ecuatorianos. Para ello se utiliza un método descriptivo y comparativo. La muestra estuvo compuesta por 546 estudiantes universitarios (69,1% son mujeres), entre 17 y 41 años de cuatro universidades ubicadas en las ciudades de Ambato y Quito. Los resultados indicaron bajos niveles de consumo de alcohol y tabaco y la presencia de diferencias significativas por sexo, con mayor consumo entre los hombres. Los hombres tienen más probabilidades que las mujeres de consumir alcohol (2.1 veces) y tabaco (3 veces), respectivamente. Finalmente, se concluye que el consumo de alcohol y tabaco es una conducta común entre la muestra y el sexo es un factor clave tanto en el aumento del consumo como en el desarrollo de consumos de riesgo</subfield>
   </datafield>
   <datafield ind1="8" ind2=" " tag="024">
      <subfield code="a">http://hdl.handle.net/10256/26984</subfield>
   </datafield>
   <datafield tag="653" ind2=" " ind1=" ">
      <subfield code="a">Alcoholisme -- Diferències entre sexes</subfield>
   </datafield>
   <datafield tag="653" ind2=" " ind1=" ">
      <subfield code="a">Drogoaddicció -- Sex differences</subfield>
   </datafield>
   <datafield tag="653" ind2=" " ind1=" ">
      <subfield code="a">Alcoholism -- Diferències entre sexes</subfield>
   </datafield>
   <datafield tag="653" ind2=" " ind1=" ">
      <subfield code="a">Drug addiction -- Sex differences</subfield>
   </datafield>
   <datafield tag="653" ind2=" " ind1=" ">
      <subfield code="a">Estudiants universitaris -- Consum de tabac -- Equador</subfield>
   </datafield>
   <datafield tag="653" ind2=" " ind1=" ">
      <subfield code="a">Estudiants universitaris -- Consum d'alcohol -- Equador</subfield>
   </datafield>
   <datafield tag="653" ind2=" " ind1=" ">
      <subfield code="a">College students -- Tobacco use -- Ecuador</subfield>
   </datafield>
   <datafield tag="653" ind2=" " ind1=" ">
      <subfield code="a">College students -- Alcohol use -- Ecuador</subfield>
   </datafield>
   <datafield ind2="0" ind1="0" tag="245">
      <subfield code="a">Sex differences in alcohol and tobacco use in Ecuadorian college students = Diferencias por sexo en el consumo de alcohol y tabaco en estudiantes universitarios ecuatorianos</subfield>
   </datafield>
</record></metadata></record></GetRecord></OAI-PMH>